Comparative national products and price levels: a study of western europe and the United States (Record no. 420979)

000 -LEADER
fixed length control field 00377cam a22001097a 4500
008 - FIXED-LENGTH DATA ELEMENTS--GENERAL INFORMATION
fixed length control field 180718b xxu||||| |||| 00| 0 eng d
082 ## - DEWEY DECIMAL CLASSIFICATION NUMBER
Classification number T112 Or3
100 ## - MAIN ENTRY--PERSONAL NAME
Personal name Gilbert, Milton
245 ## - TITLE STATEMENT
Title Comparative national products and price levels: a study of western europe and the United States
Statement of responsibility, etc. by Milton Gilbert
260 ## - PUBLICATION, DISTRIBUTION, ETC.
Place of publication, distribution, etc. Paris
Name of publisher, distributor, etc. Organisation for European Cooperation
Date of publication, distribution, etc.
300 ## - PHYSICAL DESCRIPTION
Extent 168p
Holdings
Withdrawn status Lost status Damaged status Not for loan Permanent Location Current Location Date acquired Full call number Barcode Date last seen Price effective from Koha item type
        Indian Institute of Public Administration Indian Institute of Public Administration 2009-07-23 T112 Or3 11142 2018-07-21 2018-07-21 Book

Powered by Koha